Top football (soccer) CAPS leaders by country - Statistics

General Stats
  • This quiz has been taken 105 times
    8 since last reset
  • The average score is 19 of 46
Answer Stats
Country Notable Clubs Played for Position Answer % Correct
Chile Barcelona, Arsenal, Inter Milan FW Alexis Sanchez
100%
Argentina Barcelona, PSG, Inter Miami FW Lionel Messi
100%
Brazil Roma, AC Milan DF Marcos Cafu
100%
Portugal Manchester United, Real Madrid FW Cristiano Ronaldo
83%
BosniaHerzegovina Wolfsburg, Man City, Roma FW Edin Dzeko
83%
France Lyon, Tottenham, LAFC GK Hugo Lloris
83%
Belgium Ajax, Tottenham Hotspur DF Jan Vertonghen
83%
Croatia Tottenham Hotspur, Real Madrid MF Luka Modric
83%
Czech Republic Chelsea, Arsenal GK Petr Cech
83%
Poland Dortmund, Bayern Munich, Barcelona FW Robert Lewandowski
83%
Denmark Ajax, Tottenham, Inter Milan MF Christian Eriksen
67%
Wales Tottenham Hotspur, Real Madrid MF Gareth Bale
67%
Italy Juventus GK Gianluigi Buffon
67%
Spain Sevilla, Real Madrid DF Sergio Ramos
67%
Colombia Atletico Nacional, Nice, Napoli GK David Ospina
50%
Uruguay Villareal, Atletico Madrid DF Diego Godin
50%
Serbia Southampton, Ajax, Fenerbahce MF Dusan Tadic
50%
Switzerland Arsenal, Bayer Leverkusen MF Granit Xhaka
50%
Finland Ajax, Liverpool MF Jari Litmanen
50%
Norway Liverpool, Roma DF John ArneRiise
50%
Germany Inter Milan, Bayern Munich MF Lothar Matthaus
50%
Ireland Tottenham Hotspur, LA Galaxy FW Robbie Keane
50%
South Korea Pohang Steelers, Kashiwa Reysol FW Son Heungmin
50%
Netherlands Ajax, Inter Milan, Galatasaray MF Wesley Sneijder
50%
Ghana Marseille, Swansea, Le Havre FW Andre Ayew
33%
Mexico Deportivo LC, PSV, Real Betis MF Andres Guardado
33%
Scotland Celtic, Liverpool FW Kenny Dalglish
33%
Slovakia Brescia, Napoli, Dalian Yifang MF Marek Hamsik
33%
Cameroon Metz, Galatasaray DF Rigobert Song
33%
Egypt Besiktas, Anderlecht MF Ahmed Hassan
17%
Senegal Lille, Everton, PSG MF Idrissa Gueye
17%
Australia Middlesbrough, Fulham GK Mark Schwarzer
17%
England Leicester City, Nottingham Forest GK Peter Shilton
17%
Turkey Fenerbahce GK Rustu Recber
17%
Russia CSKA Moscow DF Sergei Ignashevich
17%
Bulgaria Celtic, Aston Villa MF Stiliyan Petrov
17%
Nigeria CSKA Moscow, Al Nassr, Kano Pillars FW Ahmed Musa
0%
Ukraine Shakhtar Donetsk, Zenit SP MF Anatoliy Tymoshchuk
0%
Sweden Elfsborg MF Anders Svensson
0%
United States LA Galaxy MF Cobi Jones
0%
Cote d' Ivoire KRC Genk, Tottenham Hotspur MF Didier Zokora
0%
Greece Panathinaikos MF Giorgos Karagounis
0%
Iran Pas Tehran, Osasuna MF Javad Nekounam
0%
Saudi Arabia Al-Ta'ee, Al-Hilal GK Mohamed AlDeayea
0%
Paraguay Toluca DF Paulo daSilva
0%
Japan Gamba Osaka MF Yasuhito Endo
0%
No matching quizzes found
Score Distribution
Percent of People with Each Score
Percentile by Number Answered
Your Score History
You have not taken this quiz since the last reset